| 000 | 00436nam a2200181Ia 4500 | ||
|---|---|---|---|
| 001 | 7984 | ||
| 005 | 20260306160535.0 | ||
| 008 | 260306t2010||||xx |||||||||||||| ||spa|| | ||
| 041 | _aESP | ||
| 082 |
_a368.4 _bA64 |
||
| 100 |
_aApaza Rondón, Katiuzka Jacovina _eAUT |
||
| 245 | 0 | _aLa derrama magisterial y sus problemas de agencia | |
| 260 | _c2010 | ||
| 300 |
_a _c |
||
| 650 | _aGEN | ||
| 654 | _aCHU | ||
| 942 |
_cLIB _dJUS _fJUS _2ddc _n |
||
| 999 |
_c7984 _d7984 |
||